Doc

Saved in:
書目詳細資料
主要作者: Pollock, Sharon (Author)
格式: 圖書
語言:英语
出版: Toronto Playwrights Canada 1986
主題:
標簽: 添加標簽
沒有標簽, 成為第一個標記此記錄!

MARC

LEADER 00000nam a2200000 a 4500
001 UCW9462
003 CL-VaPUC
008 890424e19860000CN |||||||||||||||||eng|d
082 0 4 |a C812  |b POL  |2 21 
100 0 |a Pollock, Sharon  |e author  |9 314754 
245 1 0 |a Doc 
300 |a 126 p 
942 |c BK 
945 |d 19890424 00:00:00 
260 |a Toronto  |b Playwrights Canada  |c 1986 
650 7 |a TEATRO CANADIENSE  |2 CL-VaPUC  |9 314755 
583 |a last modification  |c 19890424 00:00:00  |k Rodrigo Vera 
999 |c 221437  |d 221435 
952 |0 0  |1 0  |4 0  |6 C_812_000000000000000_POL_1986  |7 0  |8 A  |9 214775  |a BIBEDU  |b BIBEDU  |d 2019-11-15  |i 2833158  |o C812 POL 1986  |p 2833158  |r 2019-11-15  |w 2019-11-15  |y BK  |k LIT